Late antique images of the Virgin Annunciate spinning : allotting the scarlet and the purple /
In Late Antique Images of the Virgin Annunciate Spinning: allotting the scarlet and the purple , Catherine Gines Taylor traces the way early Christians assimilated the symbolism of spinning into images of the Annunciation. Taylor offers an art historical and interdisciplinary look at the earliest im...
المؤلف الرئيسي:
التنسيق: كتاب الكتروني
اللغة: English
منشور في:
Boston :
Brill,
2018.
سلاسل:
Texts and Studies in Eastern Christianity
11.
Biblical Studies, Ancient Near East and Early Christianity E-Books Online, Collection 2018, ISBN: 9789004353275.
الموضوعات:
الوصول للمادة أونلاين: Login to view Source
الوسوم: إضافة وسم
رقم الطلب: N8070 .G56 2018
| LEADER | 03253nam a2200553 i 4500 | ||
|---|---|---|---|
| 001 | BRILL9789004362703 | ||
| 003 | nllekb | ||
| 005 | 20210602100348.0 | ||
| 006 | m d | ||
| 007 | cr un uuuua | ||
| 008 | 180227s2018 mau sb 001 0 eng d | ||
| 010 | |a 2018009625 | ||
| 020 | |a 9789004362703 |q (electronic book) | ||
| 020 | |z 9789004346758 |q (print) | ||
| 024 | 7 | |a 10.1163/9789004362703 |2 DOI | |
| 035 | |a (OCoLC)1027732158 | ||
| 040 | |a NL-LeKB |c NL-LeKB |e rda | ||
| 050 | 4 | |a N8070 |b .G56 2018 | |
| 072 | 7 | |a ART |x 050000 |2 bisacsh | |
| 072 | 7 | |a HRC |2 bicssc | |
| 072 | 7 | |a REL070000 |2 bisacsh | |
| 082 | 0 | 4 | |a 704.9/482 |2 23 |
| 100 | 1 | |a Gines Taylor, Catherine. | |
| 245 | 1 | 0 | |a Late antique images of the Virgin Annunciate spinning : |b allotting the scarlet and the purple / |c by Catherine Gines Taylor. |
| 264 | 1 | |a Boston : |b Brill, |c 2018. | |
| 300 | |a 1 online resource (242 pages) | ||
| 336 | |a text |b txt |2 rdacontent | ||
| 337 | |a computer |b c |2 rdamedia | ||
| 338 | |a online resource |2 rdacarrier | ||
| 490 | 0 | |a Texts and studies in Eastern Christianity, |x 2213-0039 ; |v v. 11 | |
| 504 | |a Includes bibliographical references and index. | ||
| 505 | 0 | 0 | |a Front Matter -- Copyright Page -- Acknowledgements -- Preceding the Ascetic Type: Earliest Images of the Virgin Annunciate Spinning -- The Roots and Precedents: Lanam Fecit -- The Maiden -- The Matron -- The Household -- Memorial -- The Virgin Annunciate Spinning: A Matronly Model, "In Whom All Opposites are Reconciled" -- Back Matter -- Bibliography -- Index. |
| 506 | |a Available to subscribing member institutions only. | ||
| 520 | |a In Late Antique Images of the Virgin Annunciate Spinning: allotting the scarlet and the purple , Catherine Gines Taylor traces the way early Christians assimilated the symbolism of spinning into images of the Annunciation. Taylor offers an art historical and interdisciplinary look at the earliest images of Mary spinning, underscoring the iconographic model of idealized matronage consistent with lay piety and the cult of Mary. The personal and domestic nature of this motif is evidence toward popular Mariological devotion that preceded the exclusive, semi-divine presentation of the Theotokos , and stands in contrast with traditional ascetic models for Mary. | ||
| 600 | 0 | 0 | |a Mary, |c Blessed Virgin, Saint |x Annunciation |v Art. |
| 600 | 0 | 7 | |a Mary, |c Blessed Virgin, Saint. |2 fast |
| 650 | 0 | |a Spinning in art. | |
| 650 | 0 | |a Christian art and symbolism |x Themes, motives. | |
| 650 | 7 | |a Annunciation to the Blessed Virgin Mary. |2 fast | |
| 650 | 7 | |a Christian art and symbolism |x Themes, motives. |2 fast | |
| 650 | 7 | |a Spinning in art. |2 fast | |
| 655 | 7 | |a Art. |2 fast | |
| 776 | 0 | 8 | |i Print version: |a Gines Taylor, Catherine. |t Late antique images of the Virgin Annunciate spinning. |d Boston : Brill, 2018 |z 9789004346758 |w (DLC) 2017061184 |
| 830 | 0 | |a Texts and Studies in Eastern Christianity |v 11. | |
| 830 | 0 | |a Biblical Studies, Ancient Near East and Early Christianity E-Books Online, Collection 2018, ISBN: 9789004353275. | |
| 856 | 4 | |z DOI: |u http://dx.doi.org/10.1163/9789004362703 | |
| 942 | |c EBOOK | ||
| 952 | |0 0 |1 0 |4 0 |7 1 |9 13984 |a BRILL |b BRILL |d 2021-06-02 |l 0 |r 2021-06-02 00:00:00 |w 2021-06-02 |y EBOOK | ||
| 999 | |c 35435 |d 35435 | ||
